El retorno de lo real : (Record no. 198)

MARC details
000 -LEADER
campo de control de longitud fija 01054nam a22002657a 4500
003 - IDENTIFICADOR DE NÚMERO DE CONTROL
campo de control AR-CdUEA
005 - FECHA Y HORA DE LA ÚLTIMA TRANSACCIÓN
campo de control 20220326193254.0
008 - DATOS DE LONGITUD FIJA--INFORMACIÓN GENERAL
campo de control de longitud fija 100302s2001 sp||||| |||zz00| 0 spad
020 ## - NÚMERO INTERNACIONAL ESTÁNDAR DEL LIBRO
Número Internacional Estándar del Libro 8446013290
040 ## - FUENTE DE CATALOGACIÓN
Centro catalogador/agencia de origen AR-CdUEA
Centro/agencia transcriptor AR-CdUEA
041 1# - CÓDIGO DE IDIOMA
Código de lengua del texto/banda sonora o título independiente spa
Código de lengua original eng
082 ## - NÚMERO DE LA CLASIFICACIÓN DECIMAL DEWEY
Número de clasificación 707
Número de ítem F754r
100 1# - ENTRADA PRINCIPAL--NOMBRE DE PERSONA
9 (RLIN) 536
Nombre de persona Foster, Hal,
Fechas asociadas al nombre 1955-
245 13 - MENCIÓN DEL TÍTULO
Título El retorno de lo real :
Resto del título la vanguardia a finales de siglo /
Mención de responsabilidad, etc. Hal Foster ; traducción de Alfredo Brotons Muñoz.
260 ## - PUBLICACIÓN, DISTRIBUCIÓN, ETC.
Lugar de publicación, distribución, etc. Madrid :
Nombre del editor, distribuidor, etc. Ediciones Akal,
Fecha de publicación, distribución, etc. 2001.
300 ## - DESCRIPCIÓN FÍSICA
Extensión 234 p. :
Otras características físicas il. ;
Dimensiones 27 cm.
490 0# - MENCIÓN DE SERIE
Mención de serie Akal. Arte contemporáneo :
Designación de volumen o secuencia 8.
504 ## - NOTA DE BIBLIOGRAFÍA, ETC.
Nota de bibliografía, etc. Incluye referencias bibliográficas.
505 0# - NOTA DE CONTENIDO CON FORMATO
Nota de contenido con formato Quién teme a la neovanguardia?. El quid del minimalismo. La pasión del signo. El arte de la razón cínica. El retorno de lo real. El artista como etnógrafo. ¿Y qué pasó con la posmodernidad?.
650 17 - PUNTO DE ACCESO ADICIONAL DE MATERIA--TÉRMINO DE MATERIA
9 (RLIN) 92
Término de materia o nombre geográfico como elemento de entrada CRITICA DE ARTE
650 17 - PUNTO DE ACCESO ADICIONAL DE MATERIA--TÉRMINO DE MATERIA
9 (RLIN) 98
Término de materia o nombre geográfico como elemento de entrada ARTE DE VANGUARDIA
650 17 - PUNTO DE ACCESO ADICIONAL DE MATERIA--TÉRMINO DE MATERIA
Subdivisión general estetica-arte
-- arte-critica
-- arte-historia
Subdivisión cronológica s. XX
9 (RLIN) 930
650 17 - PUNTO DE ACCESO ADICIONAL DE MATERIA--TÉRMINO DE MATERIA
9 (RLIN) 71
Término de materia o nombre geográfico como elemento de entrada ARTE MODERNO
945 ## - PROCESAMIENTO DE INFORMACIÓN LOCAL (OCLC)
a ela
d 2010-03-16
Holdings
Estatus retirado Estado de pérdida Fuente del sistema de clasificación o colocación Estado de daño No para préstamo Biblioteca de origen Biblioteca actual Ubicación en estantería Fecha de adquisición Total de préstamos Signatura topográfica completa Código de barras Visto por última vez Precio de reemplazo Tipo de ítem Koha
    Clasificación Decimal Dewey     Biblioteca LadoV Biblioteca LadoV   06/06/2014   707 F754r 000198 06/06/2014 06/06/2014 Material 01